[Event "BAN Games 9th"]
[Site "Dhaka"]
[Date "2021.04.08"]
[Round "5.1"]
[White "Abdul, Momin"]
[Black "Rafi, Islam"]
[Result "1-0"]
[WhiteElo "1944"]
[BlackElo "1788"]
[PlyCount "145"]
[EventDate "2021.04.04"]
[EventType "team-swiss"]
[EventRounds "5"]
[EventCountry "BAN"]
[SourceTitle "CBM 202 Extra"]
[Source "ChessBase"]
[SourceDate "2021.07.31"]
[SourceVersion "1"]
[SourceVersionDate "2021.07.31"]
[SourceQuality "1"]
[WhiteTeam "Rajshahi Division"]
[BlackTeam "Chottogram Division"]
[WhiteTeamCountry "BAN"]
[BlackTeamCountry "BAN"]

1. e4 c5 2. Nf3 e6 3. d4 cxd4 4. Nxd4 Nf6 5. Nc3 Nc6 6. Ndb5 d6 7. Bg5 a6 8. Bxf6 gxf6 9. Nd4 Qb6 10. Nxc6 Qxc6 11. Bd3 Rg8 12. 0-0 Bd7 13. a4 Qc5 14. Qf3 Be7 15. Rfb1 Bc6 16. Qh3 Rg7 17. Bf1 a5 18. Rd1 Qb4 19. Qh6 Kf8 20. Rd3 Kg8 21. Ra3 Kh8 22. Rb3 Qc5 23. Rg3 Rxg3 24. hxg3 Rg8 25. Qf4 f5 26. Bb5 Rg4 27. Qf3 Rg5 28. Bxc6 bxc6 29. Rb7 d5 30. exd5 cxd5 31. Rb5 Qc7 32. Qf4 Qxf4 33. gxf4 Rg4 34. Rxa5 Rxf4 35. Rb5 d4 36. Ne2 d3 37. cxd3 Rxa4 38. Rb7 Bd6 39. g3 Kg7 40. Kg2 Kf6 41. Rb6 Be5 42. b4 Ra2 43. Kf3 Rb2 44. Ke3 Ke7 45. Rb7+ Kf6 46. f4 Bd6 47. b5 e5 48. fxe5+ Bxe5 49. d4 Rb3+ 50. Kf2 Bd6 51. Rb6 Ke7 52. Rb7+ Ke6 53. Rb6 Kd5 54. Ra6 Be7 55. Rh6 f6 56. Rxh7 Kd6 57. Rh5 Rxb5 58. g4 Ke6 59. Nf4+ Kd6 60. Rxf5 Rxf5 61. gxf5 Bd8 62. Ke3 Bb6 63. Ke4 Ba5 64. Nd5 Bd8 65. Ke3 Bb6 66. Ke4 Ba5 67. Ne3 Bb6 68. Nc4+ Kc6 69. Nxb6 Kxb6 70. Kd5 Kc7 71. Ke6 Kc6 72. Kxf6 Kd7 73. Kg7 1-0

[Event "BAN Games 9th"]
[Site "Dhaka"]
[Date "2021.04.06"]
[Round "3.1"]
[White "Rafi, Islam"]
[Black "Md, Hadiuzzaman"]
[Result "0-1"]
[WhiteElo "1788"]
[BlackElo "1904"]
[PlyCount "90"]
[EventDate "2021.04.04"]
[EventType "team-swiss"]
[EventRounds "5"]
[EventCountry "BAN"]
[SourceTitle "CBM 202 Extra"]
[Source "ChessBase"]
[SourceDate "2021.07.31"]
[SourceVersion "1"]
[SourceVersionDate "2021.07.31"]
[SourceQuality "1"]
[WhiteTeam "Chottogram Division"]
[BlackTeam "Khulna Division"]
[WhiteTeamCountry "BAN"]
[BlackTeamCountry "BAN"]

1. d4 d5 2. Nf3 Nf6 3. Bf4 c5 4. e3 e6 5. c3 Nc6 6. Bd3 Bd6 7. Bg3 Be7 8. Nbd2 Bd7 9. Ne5 Qb6 10. Rb1 Rc8 11. 0-0 Nb8 12. f4 Bb5 13. Bxb5+ Qxb5 14. f5 exf5 15. Rxf5 Nc6 16. Nb3 0-0 17. Kh1 c4 18. Nd2 Nxe5 19. dxe5 Ne8 20. Qg4 Nc7 21. h4 Ne6 22. h5 Rc6 23. Nf3 Qa4 24. Nd4 Qxa2 25. Rff1 Nxd4 26. exd4 Qa5 27. Bf4 h6 28. Rbe1 Qb6 29. Qd7 Qd8 30. Qxb7 Rb6 31. Qxa7 Rxb2 32. Qa1 Rb3 33. Qc1 Ba3 34. Qe3 Qh4+ 35. Kg1 Qxh5 36. Rf3 g5 37. Bxg5 hxg5 38. Rf5 Be7 39. Ref1 Rb1 40. e6 f6 41. Rxd5 Rfb8 42. Rdf5 Bd6 43. g3 R8b2 44. R5f2 Qh3 45. Qf3 Rxf1+ 0-1

[Event "BAN Games 9th"]
[Site "Dhaka"]
[Date "2021.04.04"]
[Round "1.1"]
[White "Rahman, Ziaur"]
[Black "Rafi, Islam"]
[Result "1-0"]
[WhiteElo "2432"]
[BlackElo "1788"]
[PlyCount "53"]
[EventDate "2021.04.04"]
[EventType "team-swiss"]
[EventRounds "5"]
[EventCountry "BAN"]
[SourceTitle "CBM 202 Extra"]
[Source "ChessBase"]
[SourceDate "2021.07.31"]
[SourceVersion "1"]
[SourceVersionDate "2021.07.31"]
[SourceQuality "1"]
[WhiteTeam "Bangladesh Ansar/VDP"]
[BlackTeam "Chottogram Division"]
[WhiteTeamCountry "BAN"]
[BlackTeamCountry "BAN"]

1. d4 d5 2. Nf3 Nf6 3. g3 e6 4. Bg2 Bd6 5. c4 c6 6. Nc3 Nbd7 7. 0-0 0-0 8. b3 Re8 9. Bb2 b6 10. Nd2 Bb7 11. e4 dxe4 12. Ndxe4 Be7 13. Rc1 Rc8 14. Re1 Qc7 15. d5 exd5 16. cxd5 Nxe4 17. Nxe4 Bf8 18. Ng5 Ne5 19. Rxe5 Rxe5 20. Bxe5 Qxe5 21. Qh5 h6 22. Qxf7+ Kh8 23. Qxb7 Qxg5 24. Qxc8 Qxc1+ 25. Bf1 Qc5 26. dxc6 Qd6 27. c7 1-0

[Event "BAN-ch U20"]
[Site "Dhaka"]
[Date "2018.05.09"]
[Round "5"]
[White "Jabed, Al Azad"]
[Black "Rafi, Islam"]
[Result "1-0"]
[WhiteElo "1968"]
[BlackElo "1656"]
[PlyCount "77"]
[EventDate "2018.05.05"]
[EventType "swiss"]
[EventRounds "8"]
[EventCountry "BAN"]
[SourceTitle "CBM 184 Extra"]
[Source "ChessBase"]
[SourceDate "2018.06.28"]
[SourceVersion "1"]
[SourceVersionDate "2018.06.28"]
[SourceQuality "1"]

1. e4 c5 2. Nf3 d6 3. Bb5+ Bd7 4. Bxd7+ Qxd7 5. 0-0 Nc6 6. Re1 g6 7. e5 dxe5 8. Na3 Bg7 9. Nc4 Qg4 10. Ne3 Qd7 11. Nc4 Qg4 12. d3 b5 13. h3 Qh5 14. Ne3 Nd4 15. g4 Qxh3 16. Ng5 Qh6 17. Ng2 f6 18. Nf7 Qh3 19. Re3 Nf3+ 20. Rxf3 Qxg4 21. Nxh8 Bxh8 22. Be3 Rc8 23. c4 f5 24. cxb5 f4 25. Rc1 h5 26. Rxc5 Rd8 27. Bxf4 e4 28. Qb3 Nf6 29. dxe4 Qd7 30. Rc7 Qd1+ 31. Qxd1 Rxd1+ 32. Kh2 Ng4+ 33. Kg3 g5 34. Rc8+ Kd7 35. Rxh8 gxf4+ 36. Nxf4 Rg1+ 37. Kh3 Rh1+ 38. Kg2 Rh2+ 39. Kg1 1-0

[Event "BAN-ch U20"]
[Site "Dhaka"]
[Date "2018.05.06"]
[Round "2"]
[White "Rafi, Islam"]
[Black "Mehedi, Hasan1111"]
[Result "1-0"]
[WhiteElo "1656"]
[BlackElo "1375"]
[PlyCount "117"]
[EventDate "2018.05.05"]
[EventType "swiss"]
[EventRounds "8"]
[EventCountry "BAN"]
[SourceTitle "CBM 184 Extra"]
[Source "ChessBase"]
[SourceDate "2018.06.28"]
[SourceVersion "1"]
[SourceVersionDate "2018.06.28"]
[SourceQuality "1"]

1. d4 d5 2. c4 Nf6 3. cxd5 Nxd5 4. e4 Nb6 5. Nf3 Bg4 6. Be2 Bxf3 7. Bxf3 e6 8. Nc3 c6 9. Bf4 Bb4 10. 0-0 0-0 11. a3 Bd6 12. e5 Be7 13. Rc1 Na6 14. Qd3 Nc7 15. Be4 g6 16. Bh6 Bg5 17. Bxf8 Bxc1 18. Bd6 Bg5 19. Bf3 Be7 20. Ne4 Ne8 21. Bxe7 Qxe7 22. Nc5 Rd8 23. b4 Nc8 24. Rd1 a6 25. Qe3 Nb6 26. Qh6 f6 27. Qh4 Nd5 28. Bxd5 Rxd5 29. exf6 Qxf6 30. Qxf6 Nxf6 31. Nxe6 Rd6 32. Nc5 b6 33. Nxa6 Nd7 34. f4 c5 35. d5 cxb4 36. Nxb4 Nf6 37. Nc6 Kf8 38. Nb4 Kf7 39. Kf2 Ne4+ 40. Ke3 Nc3 41. Rd3 Nb5 42. a4 Nc7 43. Ke4 Kf6 44. Rc3 Rd7 45. Rc6+ Ke7 46. d6+ Rxd6 47. Rxc7+ Kd8 48. Rxh7 Rd2 49. Nc6+ Kc8 50. g4 Ra2 51. Ne7+ Kd8 52. Nxg6 Rxa4+ 53. Kd5 b5 54. Kc6 Ra6+ 55. Kxb5 Rxg6 56. g5 Re6 57. h4 Re4 58. Rf7 Ke8 59. g6 1-0